000 00640cam a22002173a 4500
001 43850
003 PGUSA
005 20140828084011.0
008 130930s2013||||xxu|||||s|||||000 | eng d
040 _aPGUSA
_beng
042 _adc
100 1 _aForssman, Edith Theodora
245 1 0 _aUusia kertomuksia iltalampun ääressä
_h[electronic resource] /
_cEdith Theodora Forssman
260 _bProject Gutenberg,
_c2013
506 _aPublic domain in the USA.
516 _aElectronic text
700 1 _aPakkala, Teuvo,
_d1862-1925
830 0 _aProject Gutenberg
_v43850
856 4 0 _uhttp://www.gutenberg.org/ebooks/43850
942 _cEB
999 _c273101
_d273101